Normal view
MARC view
- Martínez, José Luis,
Entry Nombre Personal
001 - NUMERO DE CONTROL
- campo de control: 30331
003 - IDENTIFICADOR DE NUMERO DE CONTROL
- campo de control: UPN
005 - FECHA Y HORA DE LA ÜLTIMA TRANSACCIÓN
- campo de control: 20210219194413.0
008 - DATOS DE LONGITUD FIJA
- campo de control de longitud fija: nabaccnnaabn|||||||||| b |nc|||||d
035 ## - NUMERO DE CONTROL
- Número de control: UPN11000002437
040 ## - FUENTE DE CATALOGACIÓN
- Lenguaje de catalogación: SPA
- Agencia de transcripción: UPN
100 1# - ENCABEZAMIENTO - NOMBRE PERSONAL
- Nombre personal: Martínez, José Luis,
- Fechas asociadas con el nombre: 1918-2007
670 ## - FUENTE EN LA QUE SE LOCALIZARON DATOS
- Cita de la fuente: T
- Uniform Resource Identifier: http://ivancruzosorio.blogspot.com/2007/03/jos-luis-martnez-1918-2007.html
902 ## - CATALOGADOR
- Catalogador: CAA/100910
